Integrated watershed management plan for Wangdigang-Dechugang Watershed (Record no. 9424)
[ view plain ]
| 000 -LEADER | |
|---|---|
| fixed length control field | 00366nam a22001217a 4500 |
| 008 - FIXED-LENGTH DATA ELEMENTS--GENERAL INFORMATION | |
| fixed length control field | 230314b |||||||| |||| 00| 0 eng d |
| 082 ## - DEWEY DECIMAL CLASSIFICATION NUMBER | |
| Classification number | 333.73 |
| 100 ## - MAIN ENTRY--PERSONAL NAME | |
| Personal name | Ministry of Agriculture and Forests |
| 245 ## - TITLE STATEMENT | |
| Title | Integrated watershed management plan for Wangdigang-Dechugang Watershed |
| Remainder of title | (Zhemgang Dzongkhag) |
| 260 ## - PUBLICATION, DISTRIBUTION, ETC. | |
| Date of publication, distribution, etc. | June 2018 |
| 300 ## - PHYSICAL DESCRIPTION | |
| Extent | 35 p. |
| Dimensions | 24 cm |
| 942 ## - Added entry Elements (Koha) | |
| Source of classification or shelving scheme | Dewey Decimal Classification |
| Withdrawn status | Lost status | Source of classification or shelving scheme | Damaged status | Not for loan | Collection code | Home library | Current library | Shelving location | Date acquired | Serial Enumeration / chronology | Total Checkouts | Full call number | Barcode | Date last seen | Price effective from | Koha item type |
|---|---|---|---|---|---|---|---|---|---|---|---|---|---|---|---|---|
| Dewey Decimal Classification | Main TEST | RTC Library | RTC Library | Main opac | 14/03/2023 | 177246 | 333.73 MIN | 30018573 | 14/03/2023 | 14/03/2023 | Main |